[Event "SR 2. liga A 2016/2017"]
[Site "?"]
[Date "2016.11.05"]
[Round "3.4"]
[White "Jablonicky, Frantisek"]
[Black "Janos, Ivan"]
[Result "1-0"]
[WhiteElo "2114"]
[BlackElo "2008"]
[PlyCount "129"]
[EventDate "2016.??.??"]

1. Nf3 Nf6 2. c4 c5 3. g3 g6 4. d4 Bg7 5. Bg2 O-O 6. O-O d6 7. Nc3 Nc6 8. e3
Bg4 9. h3 Bd7 10. b3 a6 11. Bb2 Qa5 12. d5 Na7 13. Qe2 b5 14. Nd2 Rab8 15. Rfc1
e5 16. dxe6 Bxe6 17. Nd5 Bxd5 18. cxd5 Rfe8 19. Rc2 Qd8 20. Re1 Nc8 21. Qd1 Nb6
22. Qa1 Nbd7 23. f4 Nh5 24. Bxg7 Nxg7 25. Ne4 Qe7 26. g4 h6 27. Qc3 f5 28. Nf2
Nf6 29. Rce2 Ne4 30. Nxe4 fxe4 31. Rd1 Qh4 32. Qe1 Qxe1+ 33. Rexe1 Re7 34. Bf1
Ne8 35. Rb1 a5 36. Kf2 Kf7 37. Kg3 Kf6 38. h4 Nc7 39. g5+ hxg5 40. hxg5+ Kg7
41. Red1 Ree8 42. Rb2 Rh8 43. Rh2 Rxh2 44. Kxh2 a4 45. Bg2 axb3 46. axb3 Ra8
47. Kg3 Ra3 48. Bxe4 Rxb3 49. Kf3 Ra3 50. Rh1 b4 51. Rh6 Ne8 52. Rxg6+ Kf7 53.
Re6 Ra8 54. f5 b3 55. f6 Rb8 56. g6+ Kf8 57. f7 Nc7 58. Rxd6 Nb5 59. Rd7 Nc3
60. Bf5 b2 61. d6 b1=Q 62. Bxb1 Nxb1 63. Rc7 Kg7 64. d7 Rd8 65. Rc8 1-0

[Event "SR 2. liga A 2016/2017"]
[Site "?"]
[Date "2016.11.05"]
[Round "3.4"]
[White "Petreje, Juraj"]
[Black "Zigo, Rastislav"]
[Result "1-0"]
[WhiteElo "2004"]
[BlackElo "1998"]
[PlyCount "61"]
[EventDate "2016.??.??"]

1. d4 d6 2. Nf3 Nf6 3. c4 Nbd7 4. Nc3 e5 5. e4 Be7 6. Be2 c5 7. dxe5 dxe5 8.
O-O O-O 9. Qc2 a6 10. Rd1 Qc7 11. h3 h6 12. Be3 Re8 13. a4 b6 14. Nd2 Nf8 15.
Nd5 Qc6 16. Qc3 Bd8 17. b4 Nxd5 18. cxd5 Qg6 19. Kh2 cxb4 20. Qxb4 Nd7 21. Nf1
Bb7 22. Ng3 Be7 23. d6 Bd8 24. Bg4 Nb8 25. d7 Rf8 26. Rd6 Qh7 27. Qc4 b5 28.
Qc1 Bxe4 29. Nxe4 Qxe4 30. Bf3 Qb4 31. Bc5 1-0

[Event "SR 2. liga A 2016/2017"]
[Site "?"]
[Date "2016.11.05"]
[Round "3.4"]
[White "Lukacovic, Miroslav"]
[Black "Mandak, Miroslav"]
[Result "1/2-1/2"]
[WhiteElo "1987"]
[BlackElo "1999"]
[PlyCount "105"]
[EventDate "2016.??.??"]

1. d4 Nf6 2. c4 c5 3. d5 e6 4. Nc3 exd5 5. cxd5 d6 6. e4 g6 7. Bd3 Bg7 8. Nge2
a6 9. a4 O-O 10. O-O Re8 11. Ng3 Ng4 12. Be2 Qh4 13. Bxg4 Qxg4 14. Qxg4 Bxg4
15. Be3 b6 16. Bf4 Bf8 17. Rfe1 f6 18. Ra3 Bc8 19. Nf1 Nd7 20. Ne3 Ne5 21. Bxe5
dxe5 22. Nc4 Rb8 23. Rb3 b5 24. axb5 axb5 25. Rxb5 Ba6 26. Rxb8 Rxb8 27. Ne3
Rxb2 28. Rb1 Rxb1+ 29. Nxb1 Bd3 30. Nc3 Kf7 31. f3 Ke7 32. Ncd1 f5 33. Nf2 fxe4
34. fxe4 Bb5 35. Nfd1 h5 36. Nb2 Bh6 37. Kf2 Bxe3+ 38. Kxe3 Kd6 39. Kd2 Bf1 40.
g3 c4 41. Na4 Bg2 42. Nc3 Bh3 43. Nd1 Kc5 44. Kc3 Bg2 45. Nf2 Bf3 46. Kd2 Bg2
47. Ke2 Kd6 48. Kd2 Kc5 49. Kc3 Bf3 50. Kb2 Bg2 51. Kc3 Bf3 52. h4 Bg2 53. Kd2
1/2-1/2

[Event "SR 2. liga A 2016/2017"]
[Site "?"]
[Date "2016.11.05"]
[Round "3.4"]
[White "Kebis, Milos"]
[Black "Sipkovsky, Ladislav"]
[Result "0-1"]
[WhiteElo "1984"]
[BlackElo "1810"]
[PlyCount "122"]
[EventDate "2016.??.??"]

1. c4 g6 2. Nc3 Bg7 3. d4 Nf6 4. e4 d6 5. Nf3 Bg4 6. Be2 Nbd7 7. O-O O-O 8. h3
Bxf3 9. Bxf3 c6 10. Be3 a6 11. Qc2 Re8 12. Rad1 Qc7 13. Rfe1 e5 14. Be2 b5 15.
Qd2 b4 16. Na4 Nxe4 17. Qxb4 exd4 18. Bf4 c5 19. Qa3 Rab8 20. Bd3 f5 21. f3
Nef6 22. b3 Nh5 23. Bd2 Be5 24. Qc1 Bg3 25. Rf1 Ne5 26. Bb1 Nf7 27. f4 Qc6 28.
Rf3 Re2 29. Bd3 Re6 30. Nb2 Rbe8 31. Rdf1 Bh4 32. Kh2 Bd8 33. a3 Nf6 34. b4 Ne4
35. b5 Qa8 36. Be1 axb5 37. cxb5 Bh4 38. Nc4 Bxe1 39. Rxe1 Nc3 40. Rxe6 Rxe6
41. Qb2 d5 42. Nd2 Rb6 43. Bf1 c4 44. Qa1 Rxb5 45. Qe1 Qxa3 46. Qe8+ Qf8 47.
Qd7 Qd8 48. Qa7 d3 49. Rg3 Rb6 50. Re3 Ne4 51. Nf3 d2 52. Be2 Rb1 53. Qa4 Qb6
54. Ra3 Qb8 55. g3 Re1 56. Bd1 c3 57. Rb3 Qc8 58. Rb1 Qc5 59. Rb5 Qc8 60. Qa7
Rxd1 61. Rb8 Rh1+ 0-1

[Event "SR 2. liga A 2016/2017"]
[Site "?"]
[Date "2016.11.05"]
[Round "3.5"]
[White "Farkas, Gabor"]
[Black "Janos, Martin"]
[Result "1-0"]
[WhiteElo "2383"]
[BlackElo "2231"]
[PlyCount "75"]
[EventDate "2016.??.??"]

1. d4 d5 2. Nf3 Nf6 3. Bf4 c5 4. e3 Nc6 5. c3 Bg4 6. Qb3 Qc8 7. c4 Bxf3 8. gxf3
e6 9. dxc5 Bxc5 10. Nc3 d4 11. Nb5 Bb4+ 12. Qxb4 Nxb4 13. Nd6+ Kd7 14. Nxc8
Nc2+ 15. Kd2 Nxa1 16. Nd6 dxe3+ 17. fxe3 Nh5 18. Nxf7 Rhf8 19. Ne5+ Ke8 20. Bd3
Nxf4 21. exf4 Rxf4 22. Rxa1 Rh4 23. Rh1 Ke7 24. Be4 Rc8 25. b3 Rc5 26. Ng4 b6
27. Ke3 b5 28. cxb5 Rxb5 29. Rc1 h5 30. Nf2 Rxh2 31. Rc7+ Kf6 32. Rxa7 Rc5 33.
Bd3 Rc8 34. Ne4+ Kg6 35. Kf4 h4 36. Nd6+ Kh6 37. Nf7+ Kh5 38. Ra5+ 1-0

[Event "SR 2. liga A 2016/2017"]
[Site "?"]
[Date "2016.11.05"]
[Round "3.5"]
[White "Ac, Michal"]
[Black "Balogh, Peter"]
[Result "0-1"]
[WhiteElo "2161"]
[BlackElo "2280"]
[PlyCount "98"]
[EventDate "2016.??.??"]

1. d4 Nf6 2. c4 g6 3. Nc3 Bg7 4. e4 d6 5. Nf3 O-O 6. Be2 e5 7. O-O exd4 8. Nxd4
Re8 9. f3 Nc6 10. Be3 Nh5 11. Qd2 Nf4 12. Rfd1 Nxe2+ 13. Ncxe2 Qe7 14. Rac1 f5
15. Bg5 Qf7 16. Nxc6 bxc6 17. exf5 Bxf5 18. Ng3 a5 19. b3 a4 20. Re1 axb3 21.
axb3 Rab8 22. Rxe8+ Rxe8 23. Re1 Rxe1+ 24. Qxe1 Bc2 25. Qb4 Bd4+ 26. Kh1 c5 27.
Qb8+ Kg7 28. h4 Be5 29. Nf1 h6 30. Bd8 Bd3 31. Bxc7 Qf4 32. Qd8 Bxf1 33. Qe7+
Qf7 34. Bxd6 Qxe7 35. Bxe7 Bd4 36. b4 cxb4 37. Bxb4 Bxc4 38. Bd2 Bf2 39. Bc3+
Kf7 40. Bd2 Kg7 41. Bc3+ Kh7 42. Bf6 Bg3 43. Kg1 Kg8 44. Bd8 Kf7 45. Kh1 Ke6
46. Kg1 Bb5 47. Kh1 Kd5 48. Bf6 h5 49. Kg1 Kc4 0-1

[Event "SR 2. liga A 2016/2017"]
[Site "?"]
[Date "2016.11.05"]
[Round "3.5"]
[White "Gruca, Miroslav"]
[Black "Tepper, Frantisek"]
[Result "1-0"]
[WhiteElo "2214"]
[BlackElo "2087"]
[PlyCount "45"]
[EventDate "2016.??.??"]

1. e4 e5 2. Nf3 Nc6 3. d4 exd4 4. Bc4 d6 5. Nxd4 Nf6 6. Nc3 Be7 7. O-O O-O 8.
h3 Ne5 9. Be2 c6 10. f4 Ng6 11. a4 a5 12. Be3 Re8 13. Bd3 Bf8 14. Qf3 Bd7 15.
Rae1 b5 16. axb5 cxb5 17. Ncxb5 Nh4 18. Qg3 Nxe4 19. Bxe4 Rxe4 20. f5 Bxb5 21.
Nxb5 Be7 22. Nc3 Rc4 23. Nd5 1-0

[Event "SR 2. liga A 2016/2017"]
[Site "?"]
[Date "2016.11.05"]
[Round "3.5"]
[White "Janos, Jozef"]
[Black "Slacky, Stanislav"]
[Result "1/2-1/2"]
[WhiteElo "2175"]
[BlackElo "2193"]
[PlyCount "80"]
[EventDate "2016.??.??"]

1. e4 Nf6 2. e5 Nd5 3. c4 Nb6 4. d4 d6 5. Nf3 Bg4 6. Be2 Nc6 7. exd6 exd6 8.
O-O Be7 9. b3 Bf6 10. Bb2 O-O 11. Nbd2 d5 12. c5 Nd7 13. Qc2 g6 14. a3 Bf5 15.
Qc3 Re8 16. Rfe1 g5 17. h3 Nf8 18. Bb5 Rxe1+ 19. Rxe1 Ne7 20. Ne5 c6 21. Bf1
Ne6 22. Qg3 Bg6 23. Nxg6 hxg6 24. Rxe6 fxe6 25. Nf3 Nf5 26. Qg4 Qe7 27. Bc1 Kg7
28. Bxg5 Bxg5 29. Nxg5 e5 30. dxe5 Qxe5 31. h4 Rf8 32. h5 Rh8 33. Nf3 Qf6 34.
hxg6 Qxg6 35. Qf4 Qf6 36. Qc7+ Ne7 37. Qxb7 Rf8 38. Qc7 Rf7 39. Qg3+ Qg6 40.
Qe5+ Qf6 1/2-1/2

[Event "SR 2. liga A 2016/2017"]
[Site "?"]
[Date "2016.11.05"]
[Round "3.5"]
[White "Koloditsova, Renata"]
[Black "Kolcak, Marek"]
[Result "1/2-1/2"]
[WhiteElo "1943"]
[BlackElo "2113"]
[PlyCount "73"]
[EventDate "2016.??.??"]

1. d4 d5 2. Nf3 Nf6 3. Bf4 c5 4. e3 Nc6 5. c3 Qb6 6. Qb3 c4 7. Qxb6 axb6 8. Na3
e5 9. Nb5 Ra5 10. Nc7+ Kd8 11. dxe5 Ng4 12. h3 Nxf2 13. Kxf2 Kxc7 14. e6+ Bd6
15. exf7 Rf8 16. g3 h6 17. h4 Rxf7 18. Kg2 Bf5 19. Be2 Be4 20. Rhd1 Ra8 21. Kg1
Raf8 22. Nd4 Nxd4 23. Rxd4 Bxf4 24. exf4 b5 25. Rf1 Re7 26. Bf3 Bxf3 27. Rxf3
Kc6 28. Rf2 Re1+ 29. Kg2 Rfe8 30. Rfd2 R8e2+ 31. Kf3 Rxd2 32. Rxd2 Kc5 33. a3
h5 34. Kf2 Re4 35. Kf3 g6 36. Rd1 Re8 37. Kf2 1/2-1/2

[Event "SR 2. liga A 2016/2017"]
[Site "?"]
[Date "2016.11.05"]
[Round "3.5"]
[White "Fabry, Robert"]
[Black "Pusec, Pavel"]
[Result "1-0"]
[WhiteElo "2077"]
[BlackElo "1984"]
[PlyCount "79"]
[EventDate "2016.??.??"]

1. e4 d6 2. d4 Nf6 3. Nc3 c6 4. f4 g6 5. Nf3 Bg7 6. Bd3 O-O 7. O-O Bg4 8. Be3
Nbd7 9. e5 Nd5 10. Nxd5 cxd5 11. h3 Bxf3 12. Qxf3 e6 13. Qe2 f6 14. exd6 Nb6
15. Bd2 Qxd6 16. a3 a5 17. Rae1 Rfe8 18. Bb5 Nd7 19. Bc3 Re7 20. Qd2 Qb6 21. a4
e5 22. fxe5 fxe5 23. Kh1 e4 24. b4 e3 25. Qd3 Nf6 26. Rxe3 Rxe3 27. Qxe3 Ne4
28. bxa5 Qc7 29. Be1 Qxc2 30. Bd7 Qc4 31. Be6+ Kh8 32. Rf7 Qxd4 33. Qxd4 Bxd4
34. Bxd5 Nd6 35. Rd7 Re8 36. Bb4 Nf5 37. g4 Nh4 38. Bxb7 Bf2 39. Bc3+ Kg8 40.
Bd5+ 1-0

[Event "SR 2. liga A 2016/2017"]
[Site "?"]
[Date "2016.11.05"]
[Round "3.5"]
[White "Lesny, Stefan"]
[Black "Mikulas, Dusan"]
[Result "0-1"]
[WhiteElo "2021"]
[BlackElo "2064"]
[PlyCount "88"]
[EventDate "2016.??.??"]

1. e4 c5 2. f4 g6 3. Nf3 Bg7 4. c3 d5 5. e5 Nc6 6. d3 Nh6 7. Na3 O-O 8. Nc2 d4
9. c4 f6 10. exf6 Rxf6 11. Be2 Nf7 12. O-O Qc7 13. g3 Bh3 14. Rf2 Rf8 15. Nce1
Bh6 16. Nd2 Nd6 17. Bg4 Bxg4 18. Qxg4 e5 19. Qh3 g5 20. f5 Rxf5 21. Rxf5 Nxf5
22. Ne4 Qf7 23. Bxg5 Bxg5 24. Nxg5 Qg7 25. Ne4 b6 26. Qg2 Ne3 27. Qe2 Rf1+ 28.
Qxf1 Nxf1 29. Kxf1 Nb4 30. Nf2 Qh6 31. a3 Nc6 32. Nf3 Qe3 33. Ne1 Qd2 34. Rb1
Ne7 35. Nf3 Qc2 36. Re1 Nf5 37. Nxe5 Ne3+ 38. Kg1 Qxb2 39. Neg4 Qxa3 40. Nxe3
dxe3 41. Ng4 Qxd3 42. Nxe3 Qd2 43. Ng2 Qd4+ 44. Ne3 a5 0-1

[Event "SR 2. liga A 2016/2017"]
[Site "?"]
[Date "2016.11.05"]
[Round "3.5"]
[White "Kolman, Richard"]
[Black "Pozsar, Peter"]
[Result "0-1"]
[WhiteElo "2052"]
[BlackElo "1853"]
[PlyCount "80"]
[EventDate "2016.??.??"]

1. d4 d5 2. Nf3 c6 3. Bf4 Nf6 4. e3 Nbd7 5. Bd3 Nh5 6. Bg5 h6 7. Bh4 Nhf6 8.
Nbd2 e6 9. Ne5 Be7 10. f4 c5 11. c3 g5 12. fxg5 Nxe5 13. dxe5 Nd7 14. Nf3 hxg5
15. Bg3 Qb6 16. Qb3 Qxb3 17. axb3 g4 18. Nd2 Bh4 19. Ke2 Bxg3 20. hxg3 Rxh1 21.
Rxh1 Nxe5 22. Bb5+ Ke7 23. Rh8 a6 24. Bd3 b5 25. Bc2 Bb7 26. Rxa8 Bxa8 27. Nf1
f5 28. Nd2 Bc6 29. Kf2 a5 30. Nb1 Kd6 31. Nd2 a4 32. Ke2 axb3 33. Bxb3 b4 34.
Bc2 Bb5+ 35. Kf2 Bd3 36. Bd1 Be4 37. Nxe4+ fxe4 38. Be2 d4 39. Ke1 Nd3+ 40. Kd2
Kd5 0-1

[Event "SR 2. liga A 2016/2017"]
[Site "?"]
[Date "2016.11.05"]
[Round "3.6"]
[White "Keresztes, Richard"]
[Black "Jancovic, Peter"]
[Result "0-1"]
[WhiteElo "2208"]
[BlackElo "2211"]
[PlyCount "66"]
[EventDate "2016.??.??"]

1. d4 Nf6 2. c4 e6 3. Nc3 d5 4. Nf3 Be7 5. Bg5 O-O 6. e3 Nbd7 7. Bd3 h6 8. Bxf6
Nxf6 9. c5 b6 10. b4 a5 11. a3 Ba6 12. O-O Bxd3 13. Qxd3 Nd7 14. Qb5 Qc8 15.
Qe2 Qb7 16. Rfc1 c6 17. Rab1 axb4 18. axb4 Ra7 19. e4 Bf6 20. exd5 exd5 21.
Nxd5 cxd5 22. c6 Qc7 23. cxd7 Qxd7 24. b5 Rc8 25. Rxc8+ Qxc8 26. h3 Ra4 27. Qe3
Qe6 28. Qxe6 fxe6 29. Rc1 Bxd4 30. Nxd4 Rxd4 31. Rc6 Kf7 32. Rxb6 Rb4 33. Kf1
Kf6 0-1

[Event "SR 2. liga A 2016/2017"]
[Site "?"]
[Date "2016.11.05"]
[Round "3.6"]
[White "Privara, Igor"]
[Black "Darazs, Zoltan"]
[Result "1/2-1/2"]
[WhiteElo "2154"]
[BlackElo "2166"]
[PlyCount "145"]
[EventDate "2016.??.??"]

1. e4 c5 2. c3 d5 3. exd5 Qxd5 4. d4 Nc6 5. Nf3 cxd4 6. cxd4 e5 7. Nc3 Bb4 8.
Bd2 Bxc3 9. Bxc3 e4 10. Ne5 Nxe5 11. dxe5 Ne7 12. Qe2 O-O 13. Rd1 Qxa2 14. Qxe4
Bf5 15. Qf4 Rad8 16. Rc1 Be6 17. Qh4 Ng6 18. Qg3 Rfe8 19. Bb5 Bd7 20. Bxd7 Rxd7
21. O-O Qe6 22. f4 Qf5 23. Rce1 b6 24. Qf3 h5 25. h3 Rd3 26. Re3 Rxe3 27. Qxe3
Rd8 28. Bd4 Nf8 29. Qf2 Ne6 30. Bc3 Rc8 31. Qf3 Rc4 32. g3 Qxh3 33. f5 Rg4 34.
Kf2 Qh2+ 35. Qg2 Qxg2+ 36. Kxg2 Nc5 37. Rf4 Rxf4 38. gxf4 g6 39. f6 Kf8 40. Kf3
Ke8 41. f5 gxf5 42. Kf4 Ne6+ 43. Kxf5 Kd7 44. Be1 Kc6 45. Ke4 Kc5 46. b3 a5 47.
Bf2+ Kc6 48. Be1 Nc5+ 49. Kf5 Nxb3 50. Bf2 Kd7 51. e6+ Ke8 52. Bxb6 a4 53.
exf7+ Kxf7 54. Bc7 Nc5 55. Be5 a3 56. Kg5 Nd7 57. Ba1 Ke6 58. Kxh5 Nxf6+ 59.
Kg5 Nd5 60. Kg4 Kd6 61. Bg7 a2 62. Kf3 Kc5 63. Ke2 Kc4 64. Kd2 Kb3 65. Ba1 Nb4
66. Kc1 Nc2 67. Bf6 Nb4 68. Ba1 Nd5 69. Kd2 Nb6 70. Kd1 Ka3 71. Kc2 Nd5 72.
Bb2+ Ka4 73. Bg7 1/2-1/2

[Event "SR 2. liga A 2016/2017"]
[Site "?"]
[Date "2016.11.05"]
[Round "3.6"]
[White "Marosi, Csaba"]
[Black "Sulek, Viliam"]
[Result "1/2-1/2"]
[WhiteElo "1997"]
[BlackElo "2062"]
[PlyCount "54"]
[EventDate "2016.??.??"]

1. e4 c5 2. Nf3 Nc6 3. Bb5 e6 4. O-O Nge7 5. Re1 g6 6. c3 Bg7 7. d4 cxd4 8.
cxd4 a6 9. Bf1 d5 10. exd5 Nxd5 11. Nc3 O-O 12. Bg5 Qa5 13. Ne2 Bd7 14. a3 Rac8
15. b4 Qb6 16. Rc1 h6 17. Be3 Rfd8 18. Qd2 Nxe3 19. fxe3 Be8 20. Nc3 Ne7 21.
Qf2 Nf5 22. Red1 Bc6 23. Ne2 Ba4 24. Rxc8 Bxd1 25. Rxd8+ Qxd8 26. Ng3 Nxg3 27.
Qxg3 Ba4 1/2-1/2

[Event "SR 2. liga A 2016/2017"]
[Site "?"]
[Date "2016.11.05"]
[Round "3.6"]
[White "Nestorenko, Dmitry"]
[Black "Veselsky, Jozef"]
[Result "1-0"]
[WhiteElo "2050"]
[BlackElo "2081"]
[PlyCount "125"]
[EventDate "2016.??.??"]

1. e4 c5 2. c3 g6 3. d4 cxd4 4. cxd4 Bg7 5. Nc3 d6 6. Bc4 Nf6 7. Nge2 O-O 8.
Bb3 Nc6 9. O-O a6 10. a4 Bd7 11. f3 Qb6 12. Kh1 Rac8 13. Bc2 Rfd8 14. Be3 Nb4
15. a5 Qa7 16. Ba4 b5 17. Bb3 Be8 18. Qd2 Qb8 19. d5 Nd7 20. Nd1 Rc4 21. Bxc4
bxc4 22. Ra4 Nd3 23. Rxc4 Qb5 24. Rc7 N3c5 25. b4 Nb3 26. Qe1 Rb8 27. Ba7 Rb7
28. Rxb7 Qxb7 29. Bg1 Ne5 30. Qc3 Nxf3 31. Qxf3 Nd2 32. Qf4 Nxf1 33. Qxf1 Qxb4
34. Nec3 Qxa5 35. Qc4 Bd7 36. Bd4 e5 37. Be3 f5 38. Qb3 Bb5 39. Nxb5 Qe1+ 40.
Bg1 axb5 41. Nc3 fxe4 42. Nxb5 e3 43. Qxe3 Qb4 44. Qb6 Bf8 45. Nc7 Qxb6 46.
Bxb6 Kf7 47. Be3 Bg7 48. g4 Bf6 49. Kg2 Bd8 50. Nb5 Be7 51. Kf3 Ke8 52. Bb6 Kd7
53. Ke4 Bh4 54. Bc7 Be7 55. Bxd6 Bxd6 56. Nxd6 Kxd6 57. g5 Kd7 58. Kxe5 Ke7 59.
d6+ Kd7 60. Kd5 Kd8 61. Ke6 Ke8 62. d7+ Kd8 63. Kd6 1-0

[Event "SR 2. liga A 2016/2017"]
[Site "?"]
[Date "2016.11.05"]
[Round "3.6"]
[White "Merva, Frantisek"]
[Black "Kostolansky, Sebastian Lukas"]
[Result "1/2-1/2"]
[WhiteElo "2102"]
[BlackElo "2007"]
[PlyCount "77"]
[EventDate "2016.??.??"]

1. b3 e5 2. Bb2 Nc6 3. e3 d5 4. Bb5 Bd6 5. Nf3 Qe7 6. c4 dxc4 7. bxc4 Nf6 8. c5
Bxc5 9. Nxe5 O-O 10. Nxc6 bxc6 11. Bxc6 Rb8 12. Bc3 Ba6 13. Qf3 Bd3 14. Bxf6
Qxf6 15. Qxf6 gxf6 16. Nc3 Ba3 17. Be4 Bb2 18. Rd1 Bxc3 19. Bxd3 Ba5 20. Bc4
Rb2 21. Ke2 Rd8 22. Kf3 Rdxd2 23. Rxd2 Rxd2 24. Bb3 c5 25. Rc1 Bb4 26. Rc4 Rb2
27. Rc1 f5 28. h4 h5 29. Rd1 Rd2 30. Rxd2 Bxd2 31. Ke2 Bb4 32. Bc4 Kg7 33. e4
Bc3 34. f3 Be5 35. g4 hxg4 36. fxg4 Bg3 37. h5 fxg4 38. Ke3 Be5 39. Bd5 1/2-1/2

[Event "SR 2. liga A 2016/2017"]
[Site "?"]
[Date "2016.11.05"]
[Round "3.6"]
[White "Cambel, Vladimir"]
[Black "Kalmar, Tamas"]
[Result "0-1"]
[WhiteElo "2008"]
[BlackElo "2056"]
[PlyCount "102"]
[EventDate "2016.??.??"]

1. Nf3 Nf6 2. c4 e6 3. b3 d5 4. Bb2 Be7 5. g3 O-O 6. Bg2 c6 7. O-O Nbd7 8. d3
b6 9. Nbd2 Bb7 10. Qc2 c5 11. d4 Rc8 12. e3 Qc7 13. Rac1 Qb8 14. Rfd1 Rfd8 15.
Qb1 Qa8 16. cxd5 Bxd5 17. Ne1 Bxg2 18. Nxg2 h6 19. Nf4 cxd4 20. Bxd4 e5 21. Nc4
exd4 22. Rxd4 Nc5 23. Rcd1 Rxd4 24. Rxd4 Rd8 25. Qf5 Qc8 26. Qe5 Kf8 27. h3
Ncd7 28. Qf5 Nb8 29. Rxd8+ Qxd8 30. Ne5 Kg8 31. Kh2 Bd6 32. Nxf7 Qe7 33. Nxd6
Qxd6 34. Qc8+ Qf8 35. Qe6+ Qf7 36. Qc8+ Qe8 37. Qc4+ Kh7 38. Ne6 Nbd7 39. Qc2+
Qg6 40. Qc4 Qf5 41. Nf4 Qe4 42. Qxe4+ Nxe4 43. Kg2 Nc3 44. a3 Nb1 45. Nd3 Nxa3
46. f4 Nc5 47. Nc1 a5 48. Kf3 Nc2 49. f5 Na1 50. e4 Naxb3 51. Na2 Nd2+ 0-1

[Event "SR 2. liga A 2016/2017"]
[Site "?"]
[Date "2016.11.05"]
[Round "3.6"]
[White "Meszaros, Lorant"]
[Black "Hudec, Jan"]
[Result "1-0"]
[WhiteElo "2015"]
[BlackElo "2047"]
[PlyCount "93"]
[EventDate "2016.??.??"]

1. d4 d5 2. c4 e6 3. Nf3 c6 4. g3 Bd6 5. b3 Qe7 6. Bb2 f5 7. Bg2 Nh6 8. O-O O-O
9. Ne5 Bd7 10. Nd3 Be8 11. a4 a5 12. Bc1 Nf7 13. Ba3 Nd7 14. Bxd6 Nxd6 15. Nd2
Qf6 16. cxd5 exd5 17. Nf3 Ne4 18. Rc1 Qh6 19. Nde5 Qd6 20. Nxd7 Bxd7 21. Ne5
Be6 22. f3 Nf6 23. Rc5 Nd7 24. Nxd7 Bxd7 25. Qd2 b6 26. Rc3 f4 27. g4 Rae8 28.
e4 fxe3 29. Rxe3 Rxe3 30. Qxe3 Re8 31. Qd2 Qe7 32. Kf2 h6 33. Rc1 Qf6 34. h3 b5
35. axb5 cxb5 36. f4 Qd6 37. Rc5 Bc6 38. Qc1 Bb7 39. Rxb5 Qe7 40. Qd2 Qh4+ 41.
Kf3 Ba6 42. Rxa5 Qf6 43. Kg3 Re2 44. Bxd5+ Kh8 45. Qc3 g5 46. Qc7 gxf4+ 47.
Qxf4 1-0

[Event "SR 2. liga A 2016/2017"]
[Site "?"]
[Date "2016.11.05"]
[Round "3.6"]
[White "Breja, Stanislav"]
[Black "Vegh, Vince"]
[Result "1-0"]
[WhiteElo "1972"]
[BlackElo "1946"]
[PlyCount "97"]
[EventDate "2016.??.??"]

1. e4 c5 2. c3 d5 3. exd5 Qxd5 4. d4 Nf6 5. Nf3 Bf5 6. Be3 Nc6 7. c4 Qd6 8. Nc3
cxd4 9. Nxd4 Nxd4 10. Qxd4 e5 11. Qxd6 Bxd6 12. O-O-O Be7 13. Nd5 Nxd5 14. Rxd5
Bf6 15. Bd3 Be6 16. Ra5 a6 17. Be4 Rc8 18. b3 Rc7 19. Bb6 Rd7 20. Rd1 Bg5+ 21.
Kc2 f5 22. Rxe5 Rxd1 23. Kxd1 Kf7 24. Bxf5 Kf6 25. Rxe6+ Kxf5 26. Re2 Rf8 27.
Kc2 Rf7 28. b4 Rd7 29. a4 Bf4 30. h3 g6 31. Be3 Rc7 32. Kb3 g5 33. Bxf4 Kxf4
34. c5 a5 35. Rc2 axb4 36. Kxb4 Ke4 37. Kb5 Rc6 38. a5 Kd3 39. Rc1 Ke2 40. Rc2+
Kd3 41. Rc4 Ke2 42. Rg4 h6 43. f4 Rg6 44. fxg5 hxg5 45. h4 Rh6 46. Rxg5 Rxh4
47. Rg7 Rh6 48. Rxb7 Rg6 49. a6 1-0

[Event "SR 2. liga A 2016/2017"]
[Site "?"]
[Date "2016.11.06"]
[Round "4.1"]
[White "Kavon, Rastislav"]
[Black "Cech, Dominik"]
[Result "0-1"]
[WhiteElo "2248"]
[BlackElo "2174"]
[PlyCount "46"]
[EventDate "2016.??.??"]

1. e4 c5 2. Nf3 e6 3. d4 cxd4 4. Nxd4 Nc6 5. Nc3 Qc7 6. Be3 a6 7. Qd2 Nf6 8.
O-O-O Be7 9. f3 b5 10. g4 Nxd4 11. Bxd4 Bb7 12. Ne2 Rc8 13. Ng3 Nxe4 14. Nxe4
Bxe4 15. Bd3 Bxf3 16. Rhf1 Bxd1 17. Qxd1 O-O 18. Qe2 d5 19. Rf3 Bc5 20. Bc3 b4
21. Be5 Bd6 22. Bxd6 Qxd6 23. g5 g6 0-1

[Event "SR 2. liga A 2016/2017"]
[Site "?"]
[Date "2016.11.06"]
[Round "4.1"]
[White "Petrik, Stanislav"]
[Black "Puskar, Peter"]
[Result "0-1"]
[WhiteElo "2116"]
[BlackElo "2187"]
[PlyCount "54"]
[EventDate "2016.??.??"]

1. e4 c5 2. Nf3 d6 3. c3 Nf6 4. Qc2 g6 5. d4 cxd4 6. cxd4 Bg7 7. Nc3 a6 8. Bg5
O-O 9. Be2 Bg4 10. O-O Nc6 11. Rad1 h6 12. Be3 Rc8 13. e5 Ne8 14. h3 Bf5 15.
Qc1 g5 16. g4 Bg6 17. Rfe1 Nb4 18. Qd2 Nc7 19. Bc4 Nb5 20. Bxb5 axb5 21. a3 Nd3
22. Re2 b4 23. axb4 Nxb4 24. exd6 Qxd6 25. Nb5 Qd5 26. Nxg5 Qxb5 27. Nf3 Rc2
0-1

[Event "SR 2. liga A 2016/2017"]
[Site "?"]
[Date "2016.11.06"]
[Round "4.1"]
[White "Bango, Lukas"]
[Black "Nemsak, Denis"]
[Result "0-1"]
[WhiteElo "2113"]
[BlackElo "2009"]
[PlyCount "97"]
[EventDate "2016.??.??"]

1. e4 d5 2. exd5 Nf6 3. d4 Nxd5 4. c4 Nb6 5. Nc3 g6 6. Be3 Bg7 7. h3 O-O 8. Nf3
Nc6 9. Be2 e5 10. d5 Ne7 11. Qd2 Nf5 12. O-O Nxe3 13. fxe3 Nd7 14. e4 a5 15.
Ne1 Nc5 16. Qe3 b6 17. Nd3 Nxd3 18. Bxd3 f5 19. c5 f4 20. Qf2 f3 21. Qg3 fxg2
22. Kxg2 bxc5 23. Bc4 Ba6 24. Rxf8+ Qxf8 25. Bxa6 Rxa6 26. Rf1 Rf6 27. Rxf6
Bxf6 28. Qg4 Kg7 29. Nb5 h5 30. Qe2 Qe7 31. Qd2 Bh4 32. b3 Qf7 33. Na3 Qf6 34.
Nc4 Bg5 35. Qf2 Bf4 36. Kf1 Qg5 37. Ke2 a4 38. bxa4 Bg3 39. Qe3 Qh4 40. Kd3
Qxh3 41. Nd2 h4 42. a5 c4+ 43. Kxc4 Qd7 44. Qb3 c6 45. Kd3 cxd5 46. exd5 h3 47.
a6 h2 48. Qb7 Qxb7 49. axb7 0-1

[Event "SR 2. liga A 2016/2017"]
[Site "?"]
[Date "2016.11.06"]
[Round "4.1"]
[White "Orosi, Peter"]
[Black "Kovacocy, Pavel"]
[Result "1-0"]
[WhiteElo "2112"]
[BlackElo "2225"]
[PlyCount "77"]
[EventDate "2016.??.??"]

1. e4 c5 2. Nf3 g6 3. d4 cxd4 4. Nxd4 Nc6 5. Nc3 Bg7 6. Be3 Nf6 7. Bc4 Qa5 8.
O-O O-O 9. Bb3 d6 10. f3 Bd7 11. Qd2 Rac8 12. Rad1 Rfd8 13. h3 Ne5 14. Qe2 Nh5
15. Kh2 Nc6 16. Nd5 Nxd4 17. Rxd4 Re8 18. Qd2 Qxd2 19. Rxd2 b6 20. c3 Bb5 21.
Ra1 Nf6 22. Nxf6+ Bxf6 23. a4 Bc6 24. a5 Ra8 25. axb6 axb6 26. Rxa8 Rxa8 27.
Bd5 Bxd5 28. Rxd5 e6 29. Rb5 Bd8 30. c4 Ra6 31. Bd4 Kf8 32. Kg1 Ke7 33. Kf2 Kd7
34. Rb3 Kc6 35. Rd3 Ra2 36. Rd2 Bg5 37. Be3 Bf6 38. b4 Rxd2+ 39. Bxd2 {
black lost on time} 1-0

[Event "SR 2. liga A 2016/2017"]
[Site "?"]
[Date "2016.11.06"]
[Round "4.1"]
[White "Arendas, Marek"]
[Black "Petrik, Karol"]
[Result "1-0"]
[WhiteElo "2116"]
[BlackElo "2109"]
[PlyCount "43"]
[EventDate "2016.??.??"]

1. e4 d5 2. exd5 Qxd5 3. Nc3 Qd6 4. d4 a6 5. h3 Nf6 6. Nf3 g6 7. Bg5 Bg7 8. Qd2
Bf5 9. Be2 c6 10. Bf4 Qd8 11. a3 O-O 12. O-O-O Ne4 13. Nxe4 Bxe4 14. Qe3 Bxf3
15. Bxf3 Nd7 16. h4 h5 17. g4 hxg4 18. Bxg4 Nf6 19. Bf3 Qd7 20. h5 gxh5 21.
Bxh5 Qf5 22. Rdg1 1-0

[Event "SR 2. liga A 2016/2017"]
[Site "?"]
[Date "2016.11.06"]
[Round "4.1"]
[White "Polacik, Igor"]
[Black "Szitkey, Milan"]
[Result "1/2-1/2"]
[WhiteElo "2173"]
[BlackElo "2096"]
[PlyCount "80"]
[EventDate "2016.??.??"]

1. d4 e6 2. Nf3 Nf6 3. Bg5 Be7 4. e3 c5 5. c3 O-O 6. Bd3 d6 7. O-O Nbd7 8. Qe2
b6 9. Rd1 Bb7 10. e4 cxd4 11. cxd4 e5 12. dxe5 Nxe5 13. Nxe5 dxe5 14. Nc3 h6
15. Bc4 Qc8 16. Bxf6 Bxf6 17. Bd5 Ba6 18. Qh5 Rb8 19. Bb3 Bg5 20. h4 Bd8 21.
Rac1 Bc4 22. Nd5 Bxb3 23. Rxc8 Bxd1 24. Ne7+ Bxe7 25. Rxf8+ Kxf8 26. Qxd1 Rd8
27. Qa4 a5 28. Qc6 Bc5 29. a3 Rd2 30. Qc8+ Ke7 31. Qc7+ Ke6 32. Qc8+ Ke7 33. b4
axb4 34. axb4 Bxf2+ 35. Kf1 Bd4 36. g4 Rf2+ 37. Ke1 Rf4 38. Qc7+ Ke6 39. Qc6+
Ke7 40. Qc7+ Ke6 1/2-1/2